000
002920000a22001330004500
003
MACL
040
_a
MACL
090
_c
37034
_d
37032
100
_a
Festing, Gabrielle
245
_a
When Kings Rode To Delhi
260
_b
William Heinemann
_c
1928
650
_a
History
942
_c
BOOK
_k
954/Fes
999
_c
36635
_d
36635